Catalog

Record Details

Catalog Search



Antisemitism, Christian ambivalence, and the Holocaust [elektronický zdroj] / edited by Kevin P. Spicer.

Spicer, Kevin P., 1965- (Added Author). Center for Advanced Holocaust Studies (Added Author). ebrary, Inc. (Added Author).

Record details

  • Physical Description: xxi, 329 p. ; 24 cm
  • Publisher: Bloomington : Indiana University Press ; c2007

Content descriptions

General Note:
The scholars whose essays appear in this volume met at the Center for Advanced Holocaust Studies of the United States Holocaust Memorial Museum in the summer of 2004 for a workshop about the Holocaust and antisemitism in Christian Europe"-- Preface.
Bibliography, etc. Note:
Obsahuje bibliografické odkazy a rejstřík
Reproduction Note:
Elektronická reprodukce. Palo Alto, Calif. : ebrary, 2009.

Available copies

  • 1 of 1 copy available at Common Catalog SPOK.

Holds

  • 0 current holds with 1 total copy.
Show Only Available Copies
Location Call Number / Copy Notes Barcode Shelving Location Status Due Date
Terezin Initiative Institute 5535 4594305535 Knihovna ITI Available -

Electronic resources


LDR 01956nam a2200409 a 4500
00127928
003CZ-PrJAB
00520221122053449.0
006m u
008061016s2007 xxu grb 101 0 eng
020 . ‡z978-0-253-34873-9 (cloth : alk. paper)
020 . ‡z0-253-34873-0 (cloth : alk. paper)
035 . ‡a(CONS)2750
035 . ‡a(CZ PrSKC)ebr10209823
040 . ‡aCaPaEBR ‡bcze ‡dABA001
24500. ‡aAntisemitism, Christian ambivalence, and the Holocaust ‡h[elektronický zdroj] / ‡cedited by Kevin P. Spicer.
260 . ‡aBloomington : ‡bIndiana University Press ; ‡aWashington, D.C. : ‡bUnited States Holocaust Memorial Museum, ‡cc2007
300 . ‡axxi, 329 p. ; ‡c24 cm
500 . ‡aThe scholars whose essays appear in this volume met at the Center for Advanced Holocaust Studies of the United States Holocaust Memorial Museum in the summer of 2004 for a workshop about the Holocaust and antisemitism in Christian Europe"-- Preface.
504 . ‡aObsahuje bibliografické odkazy a rejstřík
533 . ‡aElektronická reprodukce. ‡bPalo Alto, Calif. : ‡cebrary, ‡d2009.
7001 . ‡aSpicer, Kevin P., ‡d1965-
7102 . ‡aCenter for Advanced Holocaust Studies
7102 . ‡aebrary, Inc. ‡7kn20081114008
85640. ‡uhttp://site.ebrary.com/lib/natl/Doc?id=10209823 ‡yPlný text - pro registrované uživatele NK ČR ‡4N
8524 . ‡bJACH-ITI ‡bJACH-ITI ‡cKnihovna ITI ‡j5535 ‡p5535 ‡y$0.00
910 . ‡aABE340 ‡b5535
995 . ‡askok
901 . ‡a27928 ‡bSystem ‡c27928 ‡tbiblio

Additional Resources